[Event "Mercredi 2010.05.12 ABCD"]
[Site "Montreal CAN"]
[Date "2010.06.09"]
[Round "5"]
[White "Lange, David"]
[Black "Levkovsky, Alexandre"]
[Result "1-0"]
[WhiteElo "1998"]
[BlackElo "2193"]
[PlyCount "73"]
[EventDate "2010.05.12"]
[EventType "tourn"]
[EventRounds "5"]
[EventCountry "CAN"]

1. c4 c6 2. d4 d5 3. cxd5 cxd5 4. Nc3 Nf6 5. g3 e6 6. Bg2 Bb4 7. Bd2 Nc6 8. a3
Bxc3 9. Bxc3 O-O 10. Nf3 Ne4 11. Rc1 Qb6 12. Qd3 a5 13. O-O Bd7 14. Rfe1 Rfc8
15. Nd2 Nxd2 16. Qxd2 f5 17. h3 Qd8 18. g4 fxg4 19. hxg4 Qh4 20. g5 Rf8 21. e4
Rf4 22. exd5 exd5 23. Bxd5+ Kh8 24. Bg2 Bh3 25. Bxh3 Raf8 26. Qe3 Qxg5+ 27. Qg3
Qf6 28. Re6 Qf7 29. d5 Rf3 30. Qg4 Nd8 31. Re2 Rd3 32. Bg2 b5 33. Qe4 Rxc3 34.
Rxc3 Qd7 35. Qe7 Qf5 36. Rf3 Qb1+ 37. Re1 1-0

[Event "Mercredi 2010.05.12 ABCD"]
[Site "Montreal CAN"]
[Date "2010.06.09"]
[Round "5"]
[White "Le Bas, Nicolas"]
[Black "Pozdnyakov, Alexander"]
[Result "0-1"]
[WhiteElo "1590"]
[BlackElo "1617"]
[PlyCount "70"]
[EventDate "2010.05.12"]
[EventType "tourn"]
[EventRounds "5"]
[EventCountry "CAN"]

1. e4 d5 2. exd5 Nf6 3. c4 c6 4. d4 cxd5 5. c5 Nc6 6. Bb5 Qc7 7. Nc3 Bg4 8. f3
Bd7 9. Nge2 g6 10. Bf4 Qc8 11. O-O Bg7 12. Bxc6 bxc6 13. b4 Nh5 14. Be3 O-O 15.
a4 Qc7 16. b5 e6 17. Qd2 Rab8 18. Rfb1 e5 19. Rb3 f5 20. Qb2 f4 21. Bf2 e4 22.
b6 axb6 23. cxb6 Qd8 24. fxe4 Qg5 25. Qd2 Bh3 26. g3 Qg4 27. Qd3 fxg3 28. Nxg3
Rf3 29. Qd2 Rbf8 30. Rbb1 Rxf2 31. Qxf2 Rxf2 32. Kxf2 Bxd4+ 33. Ke1 Bxc3+ 34.
Kf2 Bd4+ 35. Ke1 Nxg3 0-1

[Event "Mercredi 2010.05.12 ABCD"]
[Site "Montreal CAN"]
[Date "2010.06.09"]
[Round "5"]
[White "Neumark-Gaudet, Zev"]
[Black "Chen, Jianqiu"]
[Result "0-1"]
[WhiteElo "1600"]
[BlackElo "1635"]
[PlyCount "80"]
[EventDate "2010.05.12"]
[EventType "tourn"]
[EventRounds "5"]
[EventCountry "CAN"]

1. e4 c5 2. Nc3 Nc6 3. f4 e6 4. Nf3 Nge7 5. Bb5 a6 6. Bxc6 Nxc6 7. d3 b5 8. O-O
Bd6 9. f5 Bc7 10. Ng5 h6 11. Nxf7 Qh4 12. Bf4 Bxf4 13. Rxf4 Qxf4 14. Nxh8 Qg5
15. Ng6 exf5 16. Qe2 Nd4 17. Qf2 Qxg6 18. exf5 Qxf5 19. Re1+ Kf8 20. Qxf5+ Nxf5
21. Rf1 d6 22. g4 g6 23. Nd5 Ra7 24. gxf5 Bxf5 25. Ne3 Rf7 26. Nxf5 Rxf5 27.
Re1 Kf7 28. Kg2 Re5 29. Rf1+ Ke6 30. Rf2 Kd5 31. Kg3 a5 32. h4 b4 33. a3 bxa3
34. bxa3 h5 35. Kh3 Re3+ 36. Kh2 Re6 37. Kg3 Kd4 38. Rf4+ Kc3 39. Rc4+ Kb2 40.
a4 Re2 0-1

[Event "Mercredi 2010.05.12 ABCD"]
[Site "Montreal CAN"]
[Date "2010.06.09"]
[Round "5"]
[White "Plante, Michel"]
[Black "Mateusz, Dydak"]
[Result "1-0"]
[WhiteElo "2060"]
[BlackElo "1972"]
[PlyCount "86"]
[EventDate "2010.05.12"]
[EventType "tourn"]
[EventRounds "5"]
[EventCountry "CAN"]

1. d4 f5 2. Nc3 d5 3. Bg5 Nf6 4. Bxf6 exf6 5. e3 c6 6. Qf3 Bb4 7. Bd3 g6 8.
Nge2 Be6 9. h3 Nd7 10. g4 fxg4 11. hxg4 Bf7 12. a3 Bd6 13. e4 dxe4 14. Nxe4 Be7
15. O-O-O Qa5 16. Qf4 O-O-O 17. Nd6+ Bxd6 18. Qxd6 Qg5+ 19. Qf4 h5 20. gxh5
gxh5 21. Rdg1 Qxf4+ 22. Nxf4 Nb6 23. Ng6 Bxg6 24. Bxg6 Rxd4 25. Bxh5 Kc7 26.
Be2 Rxh1 27. Rxh1 Kd6 28. Rh7 Nd7 29. c3 Rf4 30. f3 a5 31. Kd2 b5 32. Ke3 Rf5
33. f4 Nb6 34. Ke4 Rd5 35. b3 Rd2 36. Bg4 Rc2 37. Kd3 Rg2 38. Bf3 Rg3 39. Ke2
Nd5 40. Bxd5 Kxd5 41. Rd7+ Ke6 42. Rd3 Rg2+ 43. Kd1 Rf2 1-0

[Event "Mercredi 2010.09.01 ABCD"]
[Site "Montreal CAN"]
[Date "2010.09.01"]
[Round "1"]
[White "Cote, Philippe"]
[Black "Baran, Marius"]
[Result "1-0"]
[WhiteElo "1677"]
[BlackElo "1646"]
[PlyCount "85"]
[EventDate "2010.09.01"]
[EventType "tourn"]
[EventRounds "5"]
[EventCountry "CAN"]

1. e4 c5 2. Nf3 d6 3. d4 cxd4 4. Nxd4 Nf6 5. Nc3 g6 6. f3 Bg7 7. Be3 Nc6 8. Qd2
O-O 9. g4 Nxd4 10. Bxd4 Be6 11. h4 Qa5 12. h5 Rfc8 13. hxg6 fxg6 14. g5 Nd7 15.
Bxg7 Kxg7 16. f4 Rxc3 17. Qxc3+ Qxc3+ 18. bxc3 Rc8 19. Kd2 Nc5 20. Bd3 b6 21.
a4 Bg4 22. Rh4 Bd7 23. a5 b5 24. Rf1 Rf8 25. f5 a6 26. Rhf4 Bc6 27. f6+ exf6
28. Rxf6 Rxf6 29. Rxf6 Bxe4 30. Rxd6 h6 31. gxh6+ Kxh6 32. Ke3 Bxd3 33. cxd3
Kg7 34. d4 Na4 35. Kd3 Nb2+ 36. Kc2 Nc4 37. Rxa6 g5 38. Kd3 Kf7 39. Rb6 Nxa5
40. Rxb5 Nc6 41. Rxg5 Ke7 42. Kc4 Kd6 43. Rg6+ 1-0

[Event "Mercredi 2010.09.01 ABCD"]
[Site "Montreal CAN"]
[Date "2010.09.01"]
[Round "1"]
[White "Dydak, Mateusz"]
[Black "Morin, Louis"]
[Result "0-1"]
[WhiteElo "1993"]
[BlackElo "1857"]
[PlyCount "86"]
[EventDate "2010.09.01"]
[EventType "tourn"]
[EventRounds "5"]
[EventCountry "CAN"]

1. e4 e5 2. Nc3 Nf6 3. f4 d5 4. fxe5 Nxe4 5. d3 Nxc3 6. bxc3 Be7 7. Nf3 Bg4 8.
Be2 Bh4+ 9. g3 Be7 10. O-O O-O 11. d4 Nd7 12. Bf4 Re8 13. c4 c6 14. cxd5 cxd5
15. c4 dxc4 16. Bxc4 Nb6 17. Bxf7+ Kxf7 18. Ng5+ Kg6 19. Qxg4 Bxg5 20. h4 h6
21. Be3 Qd7 22. Qe4+ Kh5 23. hxg5 Qg4 24. Qxg4+ Kxg4 25. Rf4+ Kxg5 26. Raf1 Nd5
27. R1f3 Nxe3 28. Rxe3 Rad8 29. Ree4 Rf8 30. Rxf8 Rxf8 31. Rf4 Rxf4 32. gxf4+
Kf5 33. d5 g6 34. Kg2 b5 35. Kf3 h5 36. e6 Kf6 37. Ke4 b4 38. Kd4 h4 39. Ke3 a5
40. Kf3 a4 41. Kg4 b3 42. axb3 axb3 43. Kxh4 b2 0-1

[Event "Mercredi 2010.09.01 ABCD"]
[Site "Montreal CAN"]
[Date "2010.09.01"]
[Round "1"]
[White "Gagnon, Serge"]
[Black "Poirier, Erik"]
[Result "1-0"]
[WhiteElo "2144"]
[BlackElo "2030"]
[PlyCount "57"]
[EventDate "2010.09.01"]
[EventType "tourn"]
[EventRounds "5"]
[EventCountry "CAN"]

1. d4 Nf6 2. c4 e6 3. Nc3 Bb4 4. e3 b6 5. Nge2 Bb7 6. a3 Be7 7. d5 exd5 8. cxd5
O-O 9. Nf4 Re8 10. Bc4 Bd6 11. O-O Na6 12. b4 c5 13. b5 Nc7 14. Bb2 Bxf4 15.
exf4 d6 16. a4 Qd7 17. Qd3 Qg4 18. g3 Qh5 19. Rad1 Re7 20. Kg2 Bc8 21. h4 Bf5
22. Qd2 Qg4 23. Rh1 Rae8 24. f3 Qg6 25. Kf2 Nh5 26. g4 Re3 27. gxh5 Qxh5 28.
Be2 Nxd5 29. Qxd5 1-0

[Event "Mercredi 2010.09.01 ABCD"]
[Site "Montreal CAN"]
[Date "2010.09.01"]
[Round "1"]
[White "Gates, Claude-Eric"]
[Black "Nardone, Raul"]
[Result "1-0"]
[WhiteElo "1796"]
[BlackElo "1794"]
[PlyCount "43"]
[EventDate "2010.09.01"]
[EventType "tourn"]
[EventRounds "5"]
[EventCountry "CAN"]

1. c4 Nf6 2. g3 g6 3. Bg2 Bg7 4. Nc3 O-O 5. d3 d6 6. e4 e5 7. Nge2 Nc6 8. O-O
Bg4 9. f3 Bd7 10. Bg5 h6 11. Be3 Qc8 12. Qd2 Kh7 13. Rac1 a5 14. Nd5 Nxd5 15.
cxd5 Ne7 16. d4 Bb5 17. dxe5 Bxe2 18. Qxe2 Bxe5 19. f4 Bf6 20. e5 dxe5 21. fxe5
Bxe5 22. Bxh6 1-0

[Event "Mercredi 2010.09.01 ABCD"]
[Site "Montreal CAN"]
[Date "2010.09.01"]
[Round "1"]
[White "Gauthier, Luc"]
[Black "Bergeron, Rene"]
[Result "1-0"]
[WhiteElo "1727"]
[BlackElo "1646"]
[PlyCount "71"]
[EventDate "2010.09.01"]
[EventType "tourn"]
[EventRounds "5"]
[EventCountry "CAN"]

1. e4 e5 2. Nf3 Nf6 3. Bc4 Nc6 4. d4 exd4 5. O-O d6 6. Nxd4 Nxd4 7. Qxd4 Be7 8.
Nc3 O-O 9. h3 Nd7 10. Be3 Ne5 11. Bb3 Bf6 12. Qd1 Be6 13. Nd5 Bxd5 14. Bxd5 c6
15. Bb3 a5 16. c3 b5 17. f4 Ng6 18. Qh5 b4 19. Bd4 Bxd4+ 20. cxd4 a4 21. Bc2
Ra5 22. f5 Qh4 23. Qf3 Ne7 24. Qe3 h6 25. e5 Nd5 26. Qd3 Nf4 27. Rxf4 Qxf4 28.
Rf1 Qg5 29. f6 g6 30. Qe4 dxe5 31. Qxc6 Qe3+ 32. Kh1 Qxd4 33. Bxg6 Qd5 34. Qc2
Rc5 35. Bxf7+ Kxf7 36. Qh7+ 1-0

[Event "Mercredi 2010.09.01 ABCD"]
[Site "Montreal CAN"]
[Date "2010.09.01"]
[Round "1"]
[White "Khudaverdian, Berj"]
[Black "Savard, Alain"]
[Result "0-1"]
[WhiteElo "1805"]
[BlackElo "1784"]
[PlyCount "74"]
[EventDate "2010.09.01"]
[EventType "tourn"]
[EventRounds "5"]
[EventCountry "CAN"]

1. Nf3 Nf6 2. c4 g6 3. Nc3 Bg7 4. g3 O-O 5. Bg2 d6 6. O-O Nbd7 7. d4 e5 8. Bg5
Re8 9. e4 exd4 10. Nxd4 a5 11. f4 Nc5 12. Re1 Qd7 13. Bxf6 Bxf6 14. f5 c6 15.
g4 g5 16. Qd2 h6 17. Rad1 Be5 18. Nde2 f6 19. h4 Re7 20. h5 Qc7 21. Qc2 Bd7 22.
a3 Qb6 23. Kh1 Be8 24. Rb1 Qb3 25. Qxb3 Nxb3 26. Ng1 Bf7 27. Na4 Ra6 28. Bf1
Nd2 29. c5 Nxf1 30. Rxf1 dxc5 31. Nxc5 Rb6 32. Nd3 Bd4 33. b4 Rxe4 34. bxa5
Rxb1 35. Rxb1 Bd5 36. Nb4 Re1+ 37. Nxd5 Rxb1 0-1

[Event "Mercredi 2010.09.01 ABCD"]
[Site "Montreal CAN"]
[Date "2010.09.01"]
[Round "1"]
[White "Levkovsky, Alexandre"]
[Black "Giroux, Robert"]
[Result "1/2-1/2"]
[WhiteElo "2140"]
[BlackElo "2053"]
[PlyCount "45"]
[EventDate "2010.09.01"]
[EventType "tourn"]
[EventRounds "5"]
[EventCountry "CAN"]

1. e4 e5 2. Nf3 Nc6 3. Bb5 f5 4. Nc3 fxe4 5. Nxe4 Nf6 6. d3 d5 7. Nc3 Bc5 8.
Bg5 Qd6 9. Qe2 Bg4 10. Qxe5+ Kf7 11. Qxd6 Bxd6 12. Bxf6 gxf6 13. Nxd5 Bxf3 14.
gxf3 Ne5 15. f4 Nf3+ 16. Kd1 c6 17. Bc4 Kg7 18. Ne3 Bxf4 19. Ke2 Nd4+ 20. Kd2
Nf3+ 21. Ke2 Nd4+ 22. Kd2 Nf3+ 23. Ke2 1/2-1/2

[Event "Mercredi 2010.09.01 ABCD"]
[Site "Montreal CAN"]
[Date "2010.09.01"]
[Round "1"]
[White "Luo, Zhao Yang"]
[Black "Chen, Janqui"]
[Result "0-1"]
[WhiteElo "1843"]
[BlackElo "1757"]
[PlyCount "50"]
[EventDate "2010.09.01"]
[EventType "tourn"]
[EventRounds "5"]
[EventCountry "CAN"]

1. d4 d5 2. c4 e6 3. Nf3 Nf6 4. Bg5 Be7 5. Nc3 Nbd7 6. e3 O-O 7. Be2 a6 8. O-O
dxc4 9. Bxc4 b5 10. Bd3 c5 11. Ne4 cxd4 12. Nxd4 Bb7 13. Nxf6+ Bxf6 14. Bxf6
Qxf6 15. Qc2 Rac8 16. Qb1 Qh4 17. Be2 Be4 18. Bd3 Ba8 19. Be2 Be4 20. Qd1 Ne5
21. Rc1 Qg5 22. g3 Rxc1 23. Qxc1 Qh6 24. f3 Bb7 25. f4 Rc8 0-1

[Event "Mercredi 2010.09.01 ABCD"]
[Site "Montreal CAN"]
[Date "2010.09.01"]
[Round "1"]
[White "Sasseville, Jean"]
[Black "Gauthier, Denis"]
[Result "1-0"]
[WhiteElo "1976"]
[BlackElo "1941"]
[PlyCount "75"]
[EventDate "2010.09.01"]
[EventType "tourn"]
[EventRounds "5"]
[EventCountry "CAN"]

1. Nf3 Nf6 2. c4 g6 3. Nc3 Bg7 4. e4 d6 5. d4 O-O 6. Be2 Na6 7. O-O e5 8. Be3
Ng4 9. Bg5 Qe8 10. h3 f6 11. Bd2 Nh6 12. dxe5 fxe5 13. Be3 Nf7 14. Rb1 Nb4 15.
Nd5 Nxd5 16. cxd5 c6 17. dxc6 bxc6 18. Ng5 Nxg5 19. Bxg5 Qe6 20. Bg4 Qxa2 21.
Qxd6 Bxg4 22. hxg4 Qc4 23. Be7 Rfe8 24. f3 Qf7 25. Bg5 Rac8 26. Rfd1 Bf8 27.
Qd2 Bc5+ 28. Be3 Rcd8 29. Qf2 Bxe3 30. Qxe3 Qc4 31. Rxd8 Rxd8 32. Rc1 Qb5 33.
Qc3 Qe2 34. Qxc6 Qe3+ 35. Kf1 Rd2 36. Qe6+ Kg7 37. Qe7+ Kh6 38. Qh4+ 1-0

[Event "Mercredi 2010.09.01 ABCD"]
[Site "Montreal CAN"]
[Date "2010.09.01"]
[Round "1"]
[White "Tremblay, Alain"]
[Black "Plante, Michel"]
[Result "1-0"]
[WhiteElo "2082"]
[BlackElo "2067"]
[PlyCount "153"]
[EventDate "2010.09.01"]
[EventType "tourn"]
[EventRounds "5"]
[EventCountry "CAN"]

1. c4 d6 2. Nc3 e5 3. g3 c6 4. Bg2 Be6 5. d3 Qd7 6. Nf3 Bh3 7. O-O Na6 8. Rb1
h5 9. Ne4 f6 10. d4 Bxg2 11. Kxg2 d5 12. cxd5 cxd5 13. Nc3 e4 14. Ng1 h4 15.
Qa4 Qxa4 16. Nxa4 hxg3 17. hxg3 Bd6 18. b4 b6 19. Bd2 Ne7 20. Rfc1 Kd7 21. e3
Rac8 22. a3 Rxc1 23. Rxc1 Rc8 24. Rxc8 Kxc8 25. Ne2 Nc7 26. Nec3 Kb7 27. Kf1
Kc6 28. Ke1 Nb5 29. Nxb5 Kxb5 30. Nb2 a6 31. Kd1 Kc6 32. Kc2 b5 33. Nd1 Nc8 34.
Nc3 Nb6 35. Kb3 Nc4 36. Bc1 Bc7 37. a4 f5 38. axb5+ axb5 39. Ne2 g5 40. Kc2 Bd6
41. Kb3 Bc7 42. Kc2 Nd6 43. Bd2 Ne8 44. Kd1 Ng7 45. Ke1 Ne6 46. Kd1 Bb6 47. Bc3
Kd6 48. Bb2 Bd8 49. Kc2 Nc7 50. Kb3 Ke6 51. Kc2 Kf6 52. Nc3 Be7 53. Ba3 Bd6 54.
Kd1 f4 55. gxf4 gxf4 56. exf4 Kf5 57. Ke2 Kxf4 58. Bc1+ Kf5 59. Ba3 Kg4 60. Nd1
Bf4 61. Nc3 Bh6 62. Bb2 Bf8 63. Ba3 Be7 64. Nd1 Ne6 65. Ne3+ Kg5 66. Nxd5 Nxd4+
67. Ke3 Nc2+ 68. Kxe4 Bd6 69. Bc1+ Kg6 70. Bd2 Kf7 71. f4 Bf8 72. Bc3 Bd6 73.
f5 Bf8 74. Kd3 Na3 75. Ne3 Bg7 76. Bxg7 Kxg7 77. Kc3 1-0

[Event "Mercredi 2010.09.01 ABCD"]
[Site "Montreal CAN"]
[Date "2010.09.01"]
[Round "1"]
[White "Yun, Chang"]
[Black "Sonn, Eric"]
[Result "1-0"]
[WhiteElo "1735"]
[BlackElo "1633"]
[PlyCount "43"]
[EventDate "2010.09.01"]
[EventType "tourn"]
[EventRounds "5"]
[EventCountry "CAN"]

1. e4 c5 2. Nf3 e6 3. d4 cxd4 4. Nxd4 Nc6 5. Nc3 a6 6. Nxc6 bxc6 7. Bd3 Ne7 8.
O-O d5 9. e5 Ng6 10. Qh5 Bb7 11. Bxg6 fxg6 12. Qh3 Qe7 13. Ne2 Qf7 14. Nd4 Kd7
15. Rd1 Be7 16. c4 c5 17. cxd5 Kc8 18. Nxe6 Kb8 19. d6 Bd8 20. Nxd8 Rxd8 21. e6
Qe8 22. Bg5 1-0

[Event "Mercredi 2010.09.01 ABCD"]
[Site "Montreal CAN"]
[Date "2010.09.08"]
[Round "2"]
[White "Bergeron, Rene"]
[Black "Cote, Philippe"]
[Result "1/2-1/2"]
[WhiteElo "1646"]
[BlackElo "1677"]
[PlyCount "124"]
[EventDate "2010.09.01"]
[EventType "tourn"]
[EventRounds "5"]
[EventCountry "CAN"]

1. c4 g6 2. g3 Bg7 3. Nc3 d6 4. Bg2 f5 5. e3 e5 6. d4 e4 7. Nge2 Nf6 8. O-O O-O
9. f3 exf3 10. Bxf3 Re8 11. Qb3 c6 12. Nf4 Kh8 13. Bd2 Nbd7 14. Rad1 Ne4 15.
Nxe4 fxe4 16. Bg2 Nf6 17. d5 Bg4 18. Ne6 Bxd1 19. Rxd1 Rxe6 20. dxe6 Qe7 21.
Bc3 Re8 22. Bh3 Kg8 23. Qa3 Rd8 24. Qxa7 d5 25. Qa4 Bh6 26. Bd4 c5 27. Qa3 dxc4
28. Rf1 Bg7 29. Bxc5 Qc7 30. Be7 Rd3 31. Bxf6 Rxa3 32. e7 Ra8 33. Be6+ Kh8 34.
Bxg7+ Kxg7 35. Rf7+ Kh6 36. e8=Q Rxe8 37. Rxc7 Rxe6 38. Rxb7 Ra6 39. a3 c3 40.
bxc3 Rxa3 41. Rc7 Ra2 42. Rc4 Rc2 43. Rxe4 Rxc3 44. Kg2 Rc2+ 45. Kh3 Re2 46.
Re7 Rf2 47. g4 g5 48. Kg3 Re2 49. h4 gxh4+ 50. Kxh4 Rh2+ 51. Kg3 Re2 52. e4 Kg6
53. e5 h5 54. gxh5+ Kxh5 55. Kf4 Kg6 56. Rc7 Re1 57. Rc6+ Kf7 58. Kf5 Rf1+ 59.
Ke4 Re1+ 60. Kd4 Rd1+ 61. Kc5 Rc1+ 62. Kd6 Rxc6+ 1/2-1/2

[Event "Mercredi 2010.09.01 ABCD"]
[Site "Montreal CAN"]
[Date "2010.09.08"]
[Round "2"]
[White "Gagnon, Serge"]
[Black "Levkovsky, Alexandre"]
[Result "0-1"]
[WhiteElo "2144"]
[BlackElo "2140"]
[PlyCount "90"]
[EventDate "2010.09.01"]
[EventType "tourn"]
[EventRounds "5"]
[EventCountry "CAN"]

1. c4 c6 2. Nc3 d5 3. e4 d4 4. Nce2 e5 5. d3 b5 6. cxb5 cxb5 7. f4 Nc6 8. Nf3
Nf6 9. Bd2 Nd7 10. f5 h5 11. Neg1 Nc5 12. Nh3 g6 13. fxg6 fxg6 14. Nf2 Be7 15.
Rc1 Qd6 16. Be2 Be6 17. Qc2 Kd7 18. b4 Nxb4 19. Bxb4 Rhc8 20. Bxc5 Rxc5 21.
Qxc5 Qxc5 22. Rxc5 Bxc5 23. Nxe5+ Kd6 24. Nxg6 Bb4+ 25. Kf1 Bxa2 26. Nh3 Bd2
27. Nhf4 b4 28. Bxh5 b3 29. e5+ Kc5 30. Bd1 b2 31. Bc2 Bb3 32. Bb1 a5 33. Ke2
Be3 34. h4 a4 35. h5 a3 36. h6 a2 37. Bxa2 Bxa2 38. h7 Bxf4 39. Nxf4 Rh8 40. e6
Rxh7 41. Rxh7 b1=Q 42. e7 Qb8 43. Kf3 Bd5+ 44. Nxd5 Kxd5 45. g4 Qe8 0-1

[Event "Mercredi 2010.09.01 ABCD"]
[Site "Montreal CAN"]
[Date "2010.09.08"]
[Round "2"]
[White "Giroux, Robert"]
[Black "Tremblay, Alain"]
[Result "1/2-1/2"]
[WhiteElo "2053"]
[BlackElo "2082"]
[PlyCount "175"]
[EventDate "2010.09.01"]
[EventType "tourn"]
[EventRounds "5"]
[EventCountry "CAN"]

1. d4 e6 2. c4 Nf6 3. Nf3 b6 4. g3 Ba6 5. b3 Bb4+ 6. Bd2 Be7 7. Bg2 Bb7 8. O-O
d5 9. Ne5 c6 10. cxd5 cxd5 11. Bc1 Nc6 12. Nxc6 Bxc6 13. Nd2 Rc8 14. Bb2 Bb5
15. a3 O-O 16. Re1 a5 17. Bf1 Qd7 18. Rc1 a4 19. b4 Qb7 20. f3 Rxc1 21. Qxc1
Rc8 22. Qb1 h6 23. Rc1 Ne8 24. Rxc8 Qxc8 25. Qc1 Qd7 26. e3 Bxf1 27. Qxf1 Qc6
28. Qd3 Nd6 29. Kf2 g6 30. Nb1 Nc4 31. Bc3 Qb5 32. Ke2 Bg5 33. Bd2 Qc6 34. Bc1
b5 35. Nc3 Kg7 36. f4 Be7 37. e4 Nd6 38. exd5 exd5 39. Bd2 Bf6 40. g4 Nc4 41.
g5 hxg5 42. fxg5 Be7 43. Qh3 Nd6 44. Qd3 Nc4 45. Bc1 Qe6+ 46. Kf2 Qd7 47. Qf3
Nb6 48. Bf4 Bd6 49. Be5+ Bxe5 50. dxe5 Kg8 51. Qf6 Nc4 52. e6 Qxe6 53. Qxe6
fxe6 54. Nxb5 Kf7 55. Nc3 Nxa3 56. Nxa4 Nb5 57. Nb6 Nc7 58. Nd7 Nb5 59. Ne5+
Kg7 60. Ke3 Kh7 61. Kd3 Kg7 62. h3 Kh7 63. Nf3 Kg7 64. Nd4 Nc7 65. b5 Kf7 66.
b6 Na6 67. Nc6 Ke8 68. Kd4 Kd7 69. Ne5+ Kd6 70. b7 Nb8 71. Nxg6 Nc6+ 72. Kd3 e5
73. Nf8 Kc7 74. b8=Q+ Kxb8 75. g6 Kc7 76. Ne6+ Kd6 77. Nf8 Ke7 78. Nh7 Nd8 79.
h4 Ne6 80. Ke3 Nf4 81. Kf3 Nxg6 82. h5 Nf8 83. Ng5 Ne6 84. Nh3 Kf6 85. Nf2 Kg5
86. h6 Kg6 87. Ke3 d4+ 88. Ke4 1/2-1/2

[Event "Mercredi 2010.09.01 ABCD"]
[Site "Montreal CAN"]
[Date "2010.09.08"]
[Round "2"]
[White "Luo, Zhao Yang"]
[Black "Khudaverdian, Berj"]
[Result "0-1"]
[WhiteElo "1843"]
[BlackElo "1805"]
[PlyCount "97"]
[EventDate "2010.09.01"]
[EventType "tourn"]
[EventRounds "5"]
[EventCountry "CAN"]

1. d4 Nf6 2. c4 g6 3. Nc3 Bg7 4. e4 d6 5. Nf3 O-O 6. Be2 Nbd7 7. O-O e5 8. d5
Nc5 9. Bg5 a5 10. a3 a4 11. Qc2 Bg4 12. Nd2 Bxe2 13. Nxe2 Qd7 14. Nc3 Nh5 15.
Be3 Nf4 16. f3 f5 17. Bxc5 dxc5 18. Rae1 Ra6 19. Kh1 Rfa8 20. Rf2 Bf6 21. Nf1
Nh5 22. Rd2 f4 23. Red1 Be7 24. Nb5 Bd6 25. Rd3 Qe7 26. Qf2 Qg5 27. Nd2 Ng7 28.
Nb1 Ne8 29. N1c3 Qf6 30. Ne2 g5 31. g3 Kh8 32. Rg1 Rd8 33. Nec3 Be7 34. Qc2
fxg3 35. Rxg3 c6 36. dxc6 bxc6 37. Rxd8 Bxd8 38. Qd2 cxb5 39. Qd7 Qe7 40. Qxb5
Nc7 41. Qb7 Qd6 42. Rh3 h6 43. Nb5 Nxb5 44. cxb5 Rb6 45. Qf7 Qe7 46. Qf5 Rf6
47. Qc8 Kg7 48. Qg4 Qe6 49. Qg1 0-1

[Event "Mercredi 2010.09.01 ABCD"]
[Site "Montreal CAN"]
[Date "2010.09.08"]
[Round "2"]
[White "Morin, Louis"]
[Black "Gauthier, Denis"]
[Result "1-0"]
[WhiteElo "1857"]
[BlackElo "1941"]
[PlyCount "85"]
[EventDate "2010.09.01"]
[EventType "tourn"]
[EventRounds "5"]
[EventCountry "CAN"]

1. e4 c5 2. d4 cxd4 3. c3 Nf6 4. e5 Nd5 5. Qxd4 e6 6. Bc4 Nc6 7. Qe4 f5 8. exf6
Nxf6 9. Qe2 Be7 10. Nf3 O-O 11. O-O Qc7 12. Bg5 a6 13. Nbd2 b5 14. Bb3 Bb7 15.
Rfe1 Rae8 16. Rac1 Kh8 17. c4 b4 18. c5 Na5 19. Qe5 Qc6 20. h3 Nxb3 21. Nxb3
Nd5 22. Bxe7 Rxe7 23. Nfd4 Qc8 24. Na5 Ref7 25. c6 Bxc6 26. Naxc6 dxc6 27. Rxc6
Qb7 28. Qxe6 Nf4 29. Qc4 Rf6 30. f3 h6 31. Rxf6 Rxf6 32. Rc1 Qe7 33. Kh2 Qe5
34. g3 Nh5 35. Rg1 Rg6 36. f4 Qe3 37. Nf5 Qf3 38. Nh4 Rc6 39. Nxf3 Rxc4 40. Ne5
Rc2+ 41. Rg2 Rc1 42. b3 Nf6 43. Nd3 1-0

[Event "Mercredi 2010.09.01 ABCD"]
[Site "Montreal CAN"]
[Date "2010.09.08"]
[Round "2"]
[White "Poirier, Erik"]
[Black "Plante, Michel"]
[Result "1-0"]
[WhiteElo "2030"]
[BlackElo "2067"]
[PlyCount "95"]
[EventDate "2010.09.01"]
[EventType "tourn"]
[EventRounds "5"]
[EventCountry "CAN"]

1. d4 d6 2. c4 e5 3. Nf3 e4 4. Ng5 f5 5. Nc3 Nf6 6. h4 Be7 7. Nh3 Be6 8. Qb3
O-O 9. Qxb7 c6 10. e3 Kh8 11. Nf4 Bd7 12. Be2 Qb6 13. Qxb6 axb6 14. Bd2 Na6 15.
O-O-O Rfc8 16. Kb1 Nc7 17. f3 d5 18. cxd5 cxd5 19. a3 Bd6 20. Nh3 h6 21. f4 Be8
22. Nf2 Bh5 23. Bxh5 Nxh5 24. g4 fxg4 25. Nxg4 Ng3 26. Rh3 Nf5 27. Ne5 Kh7 28.
h5 Rd8 29. Rc1 Bxe5 30. dxe5 Ne6 31. Ne2 d4 32. exd4 Nexd4 33. Nxd4 Nxd4 34.
Be3 Nf5 35. Bxb6 Rdb8 36. Bc5 Rb5 37. Bb4 Rd5 38. Bc3 Rad8 39. a4 Rd3 40. Rxd3
Rxd3 41. a5 Rd8 42. Re1 e3 43. b4 Kg8 44. b5 Kf7 45. b6 Rb8 46. Kc2 Ke6 47. a6
Rxb6 48. a7 1-0

[Event "Mercredi 2010.09.01 ABCD"]
[Site "Montreal CAN"]
[Date "2010.09.08"]
[Round "2"]
[White "Pregent, Daniel"]
[Black "Sasseville, Jean"]
[Result "0-1"]
[WhiteElo "1878"]
[BlackElo "1976"]
[PlyCount "76"]
[EventDate "2010.09.01"]
[EventType "tourn"]
[EventRounds "5"]
[EventCountry "CAN"]

1. d4 Nf6 2. Nf3 g6 3. c4 Bg7 4. Nc3 O-O 5. e4 d6 6. h3 e5 7. d5 a5 8. Bg5 Na6
9. g4 Qe8 10. Rg1 Nd7 11. h4 Ndc5 12. Nd2 Kh8 13. a3 Bd7 14. Qf3 f5 15. gxf5
gxf5 16. exf5 Bxf5 17. Qe3 Qf7 18. Be2 Bf6 19. Nce4 Bxe4 20. Bh6 Rg8 21. Rxg8+
Rxg8 22. Nxe4 Bxh4 23. Ng3 Qg6 24. O-O-O Bxg3 25. fxg3 Qxg3 26. Qxg3 Rxg3 27.
Rf1 Nb3+ 28. Kd1 Nac5 29. Rf8+ Rg8 30. Rf7 Rg1+ 31. Bf1 Nd4 32. Kd2 c6 33. Ke3
cxd5 34. cxd5 a4 35. Bf8 Kg8 36. Rf2 Rg3+ 37. Kd2 Ne4+ 38. Ke1 Nxf2 0-1

[Event "Mercredi 2010.09.01 ABCD"]
[Site "Montreal CAN"]
[Date "2010.09.08"]
[Round "2"]
[White "Savard, Alain"]
[Black "Gates, Claude-Eric"]
[Result "1-0"]
[WhiteElo "1784"]
[BlackElo "1796"]
[PlyCount "48"]
[EventDate "2010.09.01"]
[EventType "tourn"]
[EventRounds "5"]
[EventCountry "CAN"]

1. e4 e5 2. Nf3 Nf6 3. d3 Nc6 4. Be2 Bc5 5. Be3 Qe7 6. Nc3 O-O 7. O-O b6 8. Bg5
Qe6 9. Bxf6 Qxf6 10. Nd5 Qd8 11. c3 Bb7 12. d4 Bd6 13. Ne3 exd4 14. cxd4 Re8
15. e5 Bf8 16. Bc4 Na5 17. Bd5 d6 18. Qd3 dxe5 19. dxe5 c6 20. Bxf7+ Kxf7 21.
Qf5+ Kg8 22. Ng5 Qxg5 23. Qxg5 c5 24. Rfd1 Nc6 1-0

[Event "Mercredi 2010.09.01 ABCD"]
[Site "Montreal CAN"]
[Date "2010.09.08"]
[Round "2"]
[White "Sonn, Eric"]
[Black "Baran, Marius"]
[Result "1/2-1/2"]
[WhiteElo "1633"]
[BlackElo "1646"]
[PlyCount "96"]
[EventDate "2010.09.01"]
[EventType "tourn"]
[EventRounds "5"]
[EventCountry "CAN"]

1. e4 c5 2. Nf3 d6 3. d4 cxd4 4. Nxd4 Nf6 5. Nc3 g6 6. Bc4 Bg7 7. Bb3 O-O 8.
O-O Nc6 9. Nxc6 bxc6 10. h3 Bd7 11. Bf4 Qc8 12. Qf3 Be6 13. Ne2 Nd7 14. Rab1
Ne5 15. Qe3 a5 16. Bh6 a4 17. Bxe6 Qxe6 18. Bxg7 Kxg7 19. Qc3 Qc4 20. Qxc4 Nxc4
21. Rfd1 Rfb8 22. b3 axb3 23. axb3 Na3 24. Rbc1 Rb6 25. Rd3 Nb5 26. f4 Ra2 27.
Nc3 Nxc3 28. Rxc3 c5 29. Kf2 Rb4 30. Kf3 Ra3 31. Re1 c4 32. Ree3 Kf6 33. bxc4
Raa4 34. c5 dxc5 35. Rxc5 Rc4 36. Rxc4 Rxc4 37. Re2 Rc3+ 38. Kf2 e5 39. fxe5+
Kxe5 40. Ke1 Rc4 41. Kf2 Rxe4 42. Rxe4+ Kxe4 43. Ke2 Kd4 44. Kf3 Kc3 45. g4 f6
46. h4 Kxc2 47. Ke4 Kd2 48. h5 Ke2 1/2-1/2

[Event "Mercredi 2010.09.01 ABCD"]
[Site "Montreal CAN"]
[Date "2010.09.08"]
[Round "2"]
[White "Yun, Chang"]
[Black "Gauthier, Luc"]
[Result "0-1"]
[WhiteElo "1735"]
[BlackElo "1727"]
[PlyCount "62"]
[EventDate "2010.09.01"]
[EventType "tourn"]
[EventRounds "5"]
[EventCountry "CAN"]

1. e4 Nf6 2. e5 Nd5 3. c4 Nb6 4. d4 d6 5. exd6 exd6 6. Nf3 Bg4 7. Be2 Be7 8.
Nc3 Nc6 9. d5 Bxf3 10. Bxf3 Ne5 11. b3 Bf6 12. Bb2 O-O 13. O-O Qd7 14. Ne4
Nxf3+ 15. Qxf3 Bxb2 16. Rab1 Be5 17. Rfe1 h6 18. Rbd1 f5 19. Ng3 Rae8 20. Nh5
Qf7 21. Nf4 Bxf4 22. Qxf4 Re4 23. Rxe4 fxe4 24. Qxf7+ Kxf7 25. Rd4 Re8 26. b4
Nd7 27. Kf1 Nf6 28. Ke2 b6 29. Rd2 Ng4 30. h3 Nxf2 31. Rb2 Nd3 0-1